Poetry: Anthem for Doomed Youth - Statistics

General Stats
  • This quiz has been taken 43 times
  • The average score is 6 of 14
Answer Stats
Answer % Correct
What passing-bells for these who die as {cattle}?
90%
Not in the hands of boys, but in their {eyes}
58%
Can patter out their hasty {orisons}.
55%
Only the stuttering rifles' {rapid} rattle
45%
The pallor of girls' brows shall be their {pall};
45%
The shrill, demented choirs of wailing {shells};
45%
No mockeries now for them; no {prayers} nor bells;
42%
– Only the monstrous {anger} of the guns.
39%
And {bugles} calling for them from sad shires.
35%
And each slow {dusk} a drawing-down of blinds.
35%
Nor any {voice} of mourning, save the choirs, –
35%
What {candles} may be held to speed them all?
35%
Shall shine the {holy} glimmers of goodbyes.
32%
Their {flowers} the tenderness of patient minds,
23%
No matching quizzes found
Score Distribution
Percent of People with Each Score
Percentile by Number Answered
Your Score History
You have not taken this quiz